Anar al contingut

Экономика и право: проблемы, стратегия, мониторинг монография

В монографии представлены научно-исследовательские материалы известных и начинающих ученых, объединенные основной темой современного видения путей развития права и экономического развития. Монография может быть полезна для руководителей, экономистов, менеджеров, юристов и других работников предприят...

Descripció completa

Guardat en:
Dades bibliogràfiques
Autor principal: Киселев А. А.
Altres autors: Солдатова Л. И., Шмидт Ю. И., Фадеева Г. В., Бобошко А. А., Харланов А. С., Лапшин В. Ю., Бекетова О. Н., Седов Я. Д., Багирова А. Р., Лосева Е. С., Федорова И. А., Дашян С. Г., Федулова Е. А., Бурцева Е. В., Медведева С. В., Иванюженко А. Б., Щанкина Л. Н., Вороненко Е. А., Пятицкая Д. В., Судаков Д. В., Судаков О. В., Гордеева О. И., Сыч Г. В., Лавина Т. А., Грицкевич Т. И., Руссова Н. В., Захарова А. Н., Паевская С. Л., Миронова Н. Г.
Format: Книга
Idioma:Russian
Publicat: Чебоксары ЧГИКИ 2024
Matèries:
Accés en línia:https://e.lanbook.com/book/461090
https://e.lanbook.com/img/cover/book/461090.jpg
Etiquetes: Afegir etiqueta
Sense etiquetes, Sigues el primer a etiquetar aquest registre!
LEADER 05033nam0a2200841 i 4500
001 461090
003 RuSpLAN
005 20250305170222.0
008 250305s2024 ru gs 000 0 rus
020 |a 978-5-907830-98-1 
040 |a RuSpLAN 
041 0 |a rus 
044 |a ru 
080 |a 33+34 
084 |a 65+67  |2 rubbk 
245 0 0 |a Экономика и право: проблемы, стратегия, мониторинг  |b монография  |c Киселев А. А.,Солдатова Л. И.,Шмидт Ю. И.,Фадеева Г. В.,Бобошко А. А.,Харланов А. С.,Лапшин В. Ю.,Бекетова О. Н.,Седов Я. Д.,Багирова А. Р.,Лосева Е. С.,Федорова И. А.,Дашян С. Г.,Федулова Е. А.,Бурцева Е. В.,Медведева С. В.,Иванюженко А. Б.,Щанкина Л. Н.,Вороненко Е. А.,Пятицкая Д. В.,Судаков Д. В.,Судаков О. В.,Гордеева О. И.,Сыч Г. В.,Лавина Т. А.,Грицкевич Т. И.,Руссова Н. В.,Захарова А. Н.,Паевская С. Л.,Миронова Н. Г. 
260 |a Чебоксары  |b ЧГИКИ  |c 2024 
300 |a 196 с. 
504 |a Библиогр.: доступна в карточке книги, на сайте ЭБС Лань 
520 8 |a В монографии представлены научно-исследовательские материалы известных и начинающих ученых, объединенные основной темой современного видения путей развития права и экономического развития. Монография может быть полезна для руководителей, экономистов, менеджеров, юристов и других работников предприятий и организаций, представителей органов государственной власти и местного самоуправления, преподавателей, аспирантов, магистрантов и студентов высших учебных заведений. Материалы представлены в авторской редакции. Ответственность за приведенные в исследовании экономические данные несут авторы. 
521 8 |a Книга из коллекции ЧГИКИ - Экономика и менеджмент 
521 8 |a СЭБ 
653 0 |a отечественная теория управления организациями 
653 0 |a дикаплинг 
653 0 |a мобилизационная экономика 
653 0 |a малые города 
653 0 |a маркетинг территории 
653 0 |a макроэкономические тождества 
653 0 |a туристский мультипликатор 
653 0 |a банкротство 
653 0 |a финансовое оздоровление 
653 0 |a индикаторы инвестиционной активности региона 
653 0 |a система пенсионного страхования 
653 0 |a медицинское право 
653 0 |a непрерывное медицинское образование 
653 0 |a медиабезопасность 
653 0 |a фейк 
653 0 |a дипфейк 
653 0 |a искусственный интеллект 
653 0 |a генеративные нейросети. 
100 1 |a Киселев А. А. 
700 1 |a Солдатова Л. И. 
700 1 |a Шмидт Ю. И. 
700 1 |a Фадеева Г. В. 
700 1 |a Бобошко А. А. 
700 1 |a Харланов А. С. 
700 1 |a Лапшин В. Ю. 
700 1 |a Бекетова О. Н. 
700 1 |a Седов Я. Д. 
700 1 |a Багирова А. Р. 
700 1 |a Лосева Е. С. 
700 1 |a Федорова И. А. 
700 1 |a Дашян С. Г. 
700 1 |a Федулова Е. А. 
700 1 |a Бурцева Е. В. 
700 1 |a Медведева С. В. 
700 1 |a Иванюженко А. Б. 
700 1 |a Щанкина Л. Н. 
700 1 |a Вороненко Е. А. 
700 1 |a Пятицкая Д. В. 
700 1 |a Судаков Д. В. 
700 1 |a Судаков О. В. 
700 1 |a Гордеева О. И. 
700 1 |a Сыч Г. В. 
700 1 |a Лавина Т. А. 
700 1 |a Грицкевич Т. И. 
700 1 |a Руссова Н. В. 
700 1 |a Захарова А. Н. 
700 1 |a Паевская С. Л. 
700 1 |a Миронова Н. Г. 
856 4 |u https://e.lanbook.com/book/461090 
856 4 8 |u https://e.lanbook.com/img/cover/book/461090.jpg 
953 |a https://e.lanbook.com/img/cover/book/461090.jpg